1497 1452 1980 1928 1871 1229 1732 1066 1265 1339 1869 1677 1776 1404 1240 1141 1206 1727 1314 1644 1645 1166 1181 1319 1642 1563 1653 1449 1662 1393 1065 1640 1127 1458 1020 1626 1976 1042 1025 1603 1020 1179 1406 1101 1481 1971 1028 1819 1977 1597 1379 1663 1016 1510 1066 1709 1279 1760 1516 1754 1355 1545 1335 1540 1641 1310 1361 1373 1677 1419 1997 1831 1016 1962 1451 1530 1440 1191 1438 1088 1870 1098 1370 1608 1355 1792 1155 1627 1213 1704 1303 1472 1309 1520 1395 1827 1006 1495 1395 BCNSPRNW ULIB Ver.6.0+V

เปลี่ยนเป็นภาษาไทย

Change to English
 แสดงรายละเอียดบรรณานุกรม
  กลับหน้าหลัก

Brief Record : Get Marc (ISO 2709) : E-mail record : QR code < ปิดหน้าต่าง
LEADER : 00000nam 2200000uu 4500
001    13399123420
003     ULIB
008    020711s2555 th a 000 0 tha d
020    9786162790430
060    WY156^bก492
110    มหาวิทยาลัยมหิดล.^bคณะแพทย์ศาสตร์โรงพยาบาลรามาธิบดี.
245    การพยาบาลผู้ป่วยโรคมะเร็ง/^cกองบรรณาธิการ ; สุวรรณี สิริเลิศตระกูล,สุวลักษณ์ วงศ์จรรโลงศิล,ประไพ อริยประยูร และ แม้นมนา จิระจรัส
250    พิมพ์ครั้งที่ 1
260    กรุงเทพฯ :^bคณะแพทย์ศาสตร์โรงพยาบาลรามาธิบดี มหาวิทยาลัยมหิดล,^c2555
300    314 หน้า;^b29.5 ซม.
650    โรคมะเร็ง^xการพยาบาล
700    สุวรรณี สิริเลิศตระกูล,^eบรรณาธิการ
700    สุวลักษณ์ วงศ์จรรโลงศิล,^eบรรณาธิการ
700    ประไพ อริยประยูร,^eบรรณาธิการ
700    แม้นมนา จิระจรัส,^eบรรณาธิการ
945    ^p350^l0^i20557
945    ^p350^l0^i20558
945    ^p350^l0^i20559
945    ^p350^l0^i20560
945    ^p350^l0^i20561
945    ^p350^l0^i20562
945    ^p350^l0^i20563
945    ^p350^l0^i20564
945    ^p350^l0^i20565
945    ^p350^l0^i20566
รายการนี้ยังไม่มีแท็ก
คุณยังไม่ได้ล็อกอิน คุณสามารถมีกิจกรรมร่วมกับเว็บไซต์ได้ แต่ต้องล็อกอินก่อน ::
  ล็อกอิน

รายการสื่อสารสนเทศ

ลำดับที่ ประเภท เลขเรียก/บาร์โค้ด สถานที่ สถานะ
1. Book การพยาบาล
Book การพยาบาล
สถานะ=หนังสือเก่า
WY156 ก492 ฉ.1 
  Barcode: 20557
ห้องสมุดวิทยาเขตนครสวรรค์
►ส่วนจัดเก็บหนังสือเก่า นว.
บนชั้น
  ขอยืม
2. Book การพยาบาล
Book การพยาบาล
สถานะ=หนังสือเก่า
WY156 ก492 ฉ.10 
  Barcode: 20566
ห้องสมุดวิทยาเขตนครสวรรค์
►ส่วนจัดเก็บหนังสือเก่า นว.
บนชั้น
  ขอยืม
3. Book การพยาบาล
Book การพยาบาล
สถานะ=หนังสือเก่า
WY156 ก492 ฉ.2 
  Barcode: 20558
ห้องสมุดวิทยาเขตนครสวรรค์
►ส่วนจัดเก็บหนังสือเก่า นว.
บนชั้น
  ขอยืม
4. Book การพยาบาล
Book การพยาบาล
สถานะ=หนังสือเก่า
WY156 ก492 ฉ.3 
  Barcode: 20559
ห้องสมุดวิทยาเขตนครสวรรค์
►ส่วนจัดเก็บหนังสือเก่า นว.
บนชั้น
  ขอยืม
5. Book การพยาบาล
Book การพยาบาล
สถานะ=หนังสือเก่า
WY156 ก492 ฉ.4 
  Barcode: 20560
ห้องสมุดวิทยาเขตนครสวรรค์
►ส่วนจัดเก็บหนังสือเก่า นว.
บนชั้น
  ขอยืม
6. Book การพยาบาล
Book การพยาบาล
สถานะ=หนังสือเก่า
WY156 ก492 ฉ.5 
  Barcode: 20561
ห้องสมุดวิทยาเขตนครสวรรค์
►ส่วนจัดเก็บหนังสือเก่า นว.
บนชั้น
  ขอยืม
7. Book การพยาบาล
Book การพยาบาล
สถานะ=หนังสือเก่า
WY156 ก492 ฉ.6 
  Barcode: 20562
ห้องสมุดวิทยาเขตนครสวรรค์
►ส่วนจัดเก็บหนังสือเก่า นว.
บนชั้น
  ขอยืม
8. Book การพยาบาล
Book การพยาบาล
สถานะ=หนังสือเก่า
WY156 ก492 ฉ.7 
  Barcode: 20563
ห้องสมุดวิทยาเขตนครสวรรค์
►ส่วนจัดเก็บหนังสือเก่า นว.
บนชั้น
  ขอยืม
9. Book การพยาบาล
Book การพยาบาล
สถานะ=หนังสือเก่า
WY156 ก492 ฉ.8 
  Barcode: 20564
ห้องสมุดวิทยาเขตนครสวรรค์
►ส่วนจัดเก็บหนังสือเก่า นว.
บนชั้น
  ขอยืม
10. Book การพยาบาล
Book การพยาบาล
สถานะ=หนังสือเก่า
WY156 ก492 ฉ.9 
  Barcode: 20565
ห้องสมุดวิทยาเขตนครสวรรค์
►ส่วนจัดเก็บหนังสือเก่า นว.
บนชั้น
  ขอยืม

BibComment


ยังไม่เคยถูกคอมเมนท์

คอมเมนท์ทรัพยากรรายการนี้
  คอมเมนท์: การพยาบาลผู้ป่วยโ..


 Copyright 2026. Bcnsprnw @Library